Statistics for 宇都宮ライトレール(芳賀・宇都宮LRT)の駅名

Click here to take the quiz!

General Stats

  • This quiz has been taken 21 times
  • The average score is 16 of 19

Answer Stats

宇都宮芳賀ライトレール線% Correct
宇都宮駅東口
100%
宇都宮大学陽東キャンパス
95%
平石
95%
平石中央小学校前
89%
駅東公園前
89%
東宿郷
89%
飛山城跡
84%
芳賀・高根沢工業団地
84%
陽東3丁目
84%
ゆいの杜西
79%
ゆいの杜中央
79%
ゆいの杜東
79%
かしの森公園前
79%
清陵高校前
79%
74%
グリーンスタジアム前
74%
清原地区市民センター前
68%
芳賀町工業団地管理センター前
68%
芳賀台
63%

Score Distribution

Percentile by Number Answered

Percent of People with Each Score

Your Score History

You have not taken this quiz